000 00358nam a2200133 4500
005 20260530115311.0
100 1 _aTatsuzo Akase, Yasuo Yokota
_932870
245 1 0 _aDesigning Signs Vol. 1
264 1 _bRikuyo-sha Publishing Inc.
_c1994
300 _a238 páginas
336 _atexto
_2rdacontent
337 _asin medio
_2rdamedia
338 _avolumen
_2rdacarrier
999 _c13370
_d13370